Hóa ra anh vẫn ở đây
Saved in:
| Main Author: | |
|---|---|
| Other Authors: | |
| Format: | Book |
| Language: | Undetermined |
| Published: |
H.
Lao động
2010
|
| Subjects: | |
| Online Access: | http://lrc.tdmu.edu.vn/opac/search/detail.asp?aID=2&ID=14801 |
| Tags: |
Add Tag
No Tags, Be the first to tag this record!
|
| Institutions: | Trung tâm Học liệu Trường Đại học Thủ Dầu Một |
|---|
| LEADER | 00667nam a2200205Ia 4500 | ||
|---|---|---|---|
| 001 | TDMU_14801 | ||
| 008 | 210410s9999 xx 000 0 und d | ||
| 082 | |a 895.13 | ||
| 090 | |b T121 | ||
| 100 | |a Tân Di Ổ | ||
| 245 | 0 | |a Hóa ra anh vẫn ở đây | |
| 245 | 0 | |c Tân Di Ổ; Kim Diệu (d.) | |
| 260 | |a H. | ||
| 260 | |b Lao động | ||
| 260 | |c 2010 | ||
| 300 | |a 455tr. | ||
| 650 | |a Văn học Trung Quốc |x Tiểu thuyết; Tiểu thuyết Trung Quốc | ||
| 700 | |a Kim Diệu | ||
| 856 | |u http://lrc.tdmu.edu.vn/opac/search/detail.asp?aID=2&ID=14801 | ||
| 980 | |a Trung tâm Học liệu Trường Đại học Thủ Dầu Một | ||